<?xml version="1.0" encoding="UTF-8"?><?xml-stylesheet type="text/xsl" href="static/style.xsl"?><OAI-PMH xmlns="http://www.openarchives.org/OAI/2.0/" xmlns:xsi="http://www.w3.org/2001/XMLSchema-instance" xsi:schemaLocation="http://www.openarchives.org/OAI/2.0/ http://www.openarchives.org/OAI/2.0/OAI-PMH.xsd"><responseDate>2026-06-01T06:39:46Z</responseDate><request verb="GetRecord" identifier="oai:riuma.uma.es:10630/29954" metadataPrefix="marc">https://riuma.uma.es/rest/oai/request</request><GetRecord><record><header><identifier>oai:riuma.uma.es:10630/29954</identifier><datestamp>2026-02-03T11:13:19Z</datestamp><setSpec>com_10630_2254</setSpec><setSpec>col_10630_37953</setSpec></header><metadata><record xmlns="http://www.loc.gov/MARC21/slim" xmlns:dcterms="http://purl.org/dc/terms/" xmlns:doc="http://www.lyncode.com/xoai" xmlns:xsi="http://www.w3.org/2001/XMLSchema-instance" xsi:schemaLocation="http://www.loc.gov/MARC21/slim http://www.loc.gov/standards/marcxml/schema/MARC21slim.xsd">
   <leader>00925njm 22002777a 4500</leader>
   <datafield ind2=" " ind1=" " tag="042">
      <subfield code="a">dc</subfield>
   </datafield>
   <datafield ind2=" " ind1=" " tag="720">
      <subfield code="a">Pacheco Luque, Isabel</subfield>
      <subfield code="e">author</subfield>
   </datafield>
   <datafield ind2=" " ind1=" " tag="720">
      <subfield code="a">Abril, Nieves</subfield>
      <subfield code="e">author</subfield>
   </datafield>
   <datafield ind2=" " ind1=" " tag="720">
      <subfield code="a">Morales-Prieto, Noelia</subfield>
      <subfield code="e">author</subfield>
   </datafield>
   <datafield ind2=" " ind1=" " tag="720">
      <subfield code="a">Bautista, María José</subfield>
      <subfield code="e">author</subfield>
   </datafield>
   <datafield ind2=" " ind1=" " tag="720">
      <subfield code="a">Zafra, Rafael</subfield>
      <subfield code="e">author</subfield>
   </datafield>
   <datafield ind2=" " ind1=" " tag="720">
      <subfield code="a">Escamilla-Sánchez, Alejandro</subfield>
      <subfield code="e">author</subfield>
   </datafield>
   <datafield ind2=" " ind1=" " tag="720">
      <subfield code="a">Ruiz-Campillo, María Teresa</subfield>
      <subfield code="e">author</subfield>
   </datafield>
   <datafield ind2=" " ind1=" " tag="720">
      <subfield code="a">Martinez Moreno, Álvaro</subfield>
      <subfield code="e">author</subfield>
   </datafield>
   <datafield ind2=" " ind1=" " tag="720">
      <subfield code="a">Pérez, José</subfield>
      <subfield code="e">author</subfield>
   </datafield>
   <datafield ind2=" " ind1=" " tag="260">
      <subfield code="c">2017-04</subfield>
   </datafield>
   <datafield ind2=" " ind1=" " tag="520">
      <subfield code="a">The expression of IFNγ and IL4 was quantified using q-PCR in the liver and hepatic lymph nodes (HLN) of sheep during early stages of infection with Fasciola hepatica (1, 3, 9 and 18days post-infection, dpi). A group of animals (Group 1) were vaccinated with Fasciola hepatica recombinant cathepsin L1 (FhCL1) in montanide 70 VG prior to infection, a second group (group 2) was used as infected control and a third (group 3) was used as uninfected control. To study vaccine efficacy three additional groups were sacrificed 19 weeks post-infection (group 4 immunized with CL1, group 5 with the adjuvant and group 6 was used as infected control). The vaccinated group did not show significant fluke reduction compared to the adjuvant group and infected control group. IL4 expression was observed to increase at 9 dpi and was further elevated at 18 dpi in the liver and HLN of vaccinated and infected control groups compared to the uninfected group. IFNγ expression exhibited different dynamics in the liver and HLN compared to IL4; thus, in the liver this cytokine increased at 9 dpi in the vaccinated and at 18 dpi in vaccinated and infected control groups, while in the HLN it decreased gradually and significantly from 1 dpi onwards. These results suggest that a marked Th2 polarization is present from 9 dpi in HLN and from 18 dpi in the liver. The increase of IFNγ in the liver may correspond with tissue damage response with granuloma formation. The FhCL1 vaccine did not alter the Th1/Th2 balance when compared to unvaccinated and infected sheep. The study of IFNγ and IL4 in the various tissue compartments in sheep could facilitate selection of new adjuvants inducing a strong Th1 response for a more rationale vaccine formulation.</subfield>
   </datafield>
   <datafield ind1="8" ind2=" " tag="024">
      <subfield code="a">Pacheco IL, Abril N, Morales-Prieto N, Bautista MJ, Zafra R, Escamilla A, Ruiz MT, Martínez-Moreno A, Pérez J. Th1/Th2 balance in the liver and hepatic lymph nodes of vaccinated and unvaccinated sheep during acute stages of infection with Fasciola hepatica. Vet Parasitol. 2017 Apr 30;238:61-65. doi: 10.1016/j.vetpar.2017.03.022. Epub 2017 Mar 25. PMID: 28385539.</subfield>
   </datafield>
   <datafield ind1="8" ind2=" " tag="024">
      <subfield code="a">https://hdl.handle.net/10630/29954</subfield>
   </datafield>
   <datafield ind1="8" ind2=" " tag="024">
      <subfield code="a">10.1016/j.vetpar.2017.03.022</subfield>
   </datafield>
   <datafield tag="653" ind2=" " ind1=" ">
      <subfield code="a">Fasciola hepática</subfield>
   </datafield>
   <datafield tag="653" ind2=" " ind1=" ">
      <subfield code="a">Ovejas - Vacunación</subfield>
   </datafield>
   <datafield tag="653" ind2=" " ind1=" ">
      <subfield code="a">Ovejas - Parásitos</subfield>
   </datafield>
   <datafield tag="653" ind2=" " ind1=" ">
      <subfield code="a">Parasitología veterinaria - Aspectos inmunológicos</subfield>
   </datafield>
   <datafield ind2="0" ind1="0" tag="245">
      <subfield code="a">Th1/Th2 balance in the liver and hepatic lymph nodes of vaccinated and unvaccinated sheep during acute stages of infection with Fasciola hepatica</subfield>
   </datafield>
</record>
</metadata></record></GetRecord></OAI-PMH>